[Event "ch-RUS HL"]
[Site "Ulan Ude RUS"]
[Date "2009.09.02"]
[Round "1"]
[White "Grachev,B"]
[Black "Popov,Val"]
[Result "1/2-1/2"]
[WhiteElo "2684"]
[BlackElo "2595"]
[EventDate "2009.09.02"]

1. d4 d5 2. Nf3 Nf6 3. c4 e6 4. e3 c5 5. cxd5 exd5 6. Nc3 cxd4 7. Bb5+ Bd7
8. Bxd7+ Nbxd7 9. Qxd4 Bc5 10. Qd3 Bb4 11. Bd2 Bxc3 12. Bxc3 O-O 13. O-O a6
14. Rac1 Rc8 15. Qf5 Re8 16. Rc2 g6 17. Qg5 Ne4 18. Qxd5 Nxc3 19. Rxc3 Rxc3
20. bxc3 Qc7 21. Rd1 Nf6 22. Qd4 Kg7 23. Qb4 Re6 24. c4 Rc6 25. Rd4 Rb6 26.
Qe1 Rb2 27. g4 Rxa2 28. g5 Ne8 29. Qb1 Ra5 30. Qe4 Kf8 31. Kg2 Rc5 32. Qh4
Qc6 33. Qh6+ Ke7 34. e4 Qe6 35. e5 Rxc4 36. Qh4 Rxd4 37. Qxd4 Qc6 38. Qb4+
Kd7 39. Qb3 Ke7 40. Qb4+ Kd8 41. Kg3 Qd5 42. Qf4 a5 43. Nd2 a4 44. Nc4 b5
45. Ne3 Qc5 46. Ng4 Qc4 47. Qd2+ Kc8 48. Nf6 Nxf6 49. gxf6 a3 50. Qd6 a2
51. Qa6+ Kc7 52. f3 Qe6 53. Qa7+ Kc6 54. Qa6+ Kd5 55. Qxb5+ Kd4 56. Qb2+
Kc5 57. Qa3+ Kd5 58. f4 Kd4 59. Qb2+ Kc5 60. Qa3+ Kb5 61. Qb2+ Kc6 62. Qc2+
Kb6 63. Qb2+ Kc7 64. Qc3+ Kb7 65. Qb2+ Ka6 66. Qa3+ Kb5 67. Qb2+ Ka4 68.
Qd4+ Ka3 69. Qc5+ Ka4 70. Qd4+ Kb5 1/2-1/2

[Event "ch-RUS HL"]
[Site "Ulan Ude RUS"]
[Date "2009.09.02"]
[Round "1"]
[White "Rakhmanov,Ale"]
[Black "Najer,E"]
[Result "0-1"]
[WhiteElo "2588"]
[BlackElo "2681"]
[EventDate "2009.09.02"]

1. d4 Nf6 2. c4 e6 3. Nc3 Bb4 4. e3 O-O 5. Bd3 d5 6. Nge2 c5 7. O-O dxc4 8.
Bxc4 Nc6 9. a3 cxd4 10. exd4 Bd6 11. Ba2 b6 12. Qd3 Bb7 13. Qh3 Rc8 14. Bg5
h6 15. Bh4 g5 16. Bg3 Kg7 17. d5 g4 18. Qh4 Ne7 19. Nf4 Bxf4 20. Bxf4 Nf5
21. Bxh6+ Nxh6 22. Qg5+ Kh7 23. Bb1+ Nf5 24. f3 Nxd5 25. Bxf5+ exf5 26.
Qxf5+ Kh6 27. Nxd5 Qxd5 28. Qf6+ Kh7 29. Qh4+ Kg6 30. Qxg4+ Qg5 31. Qxg5+
Kxg5 32. Rad1 Rfd8 33. Rxd8 Rxd8 34. Rc1 a5 35. Rc7 Bd5 36. Kf2 a4 37. Rc2
Bb3 38. Re2 Bc4 39. Re5+ Kf6 40. Re4 Rd2+ 41. Ke1 Rc2 42. Rd4 Ke5 43. Rd2
Rxd2 44. Kxd2 Kf4 45. h4 Kg3 46. Kc3 Bb3 47. h5 f5 48. Kd4 f4 49. Ke5 Bc2
50. h6 Bb1 0-1

[Event "ch-RUS HL"]
[Site "Ulan Ude RUS"]
[Date "2009.09.02"]
[Round "1"]
[White "Sjugirov,S"]
[Black "Kurnosov,I"]
[Result "1-0"]
[WhiteElo "2585"]
[BlackElo "2669"]
[EventDate "2009.09.02"]

1. e4 e5 2. Nf3 Nc6 3. Bb5 a6 4. Ba4 Nf6 5. O-O b5 6. Bb3 Bc5 7. d3 d6 8.
a4 b4 9. Be3 Bxe3 10. fxe3 O-O 11. Nbd2 Ne7 12. Nh4 Be6 13. Qe1 Nd7 14. Qg3
Bxb3 15. Nxb3 c6 16. Rf3 d5 17. Nd2 Qb6 18. Qg4 Nc5 19. Rg3 g6 20. Nf5 Ra7
21. Qh4 f6 22. Nh6+ Kh8 23. Rf1 Ng8 24. Nxg8 Kxg8 25. Rxf6 Rxf6 26. Qxf6
Rf7 27. Qxe5 b3 28. cxb3 Nxb3 29. Qc3 Nxd2 30. Qxd2 dxe4 31. dxe4 Qb3 32.
Qd8+ Rf8 33. Qd4 Qc2 34. Rf3 Qc1+ 35. Kf2 Rb8 36. Kg3 Qxb2 37. Qc4+ Kg7 38.
Qf7+ Kh6 39. Qe7 Qb4 40. Qh4+ Kg7 41. Qf6+ Kg8 42. Qe6+ Kh8 43. Qxc6 Qb6
44. Qf6+ Kg8 45. Qf7+ Kh8 46. Qe7 h5 47. e5 a5 48. h3 Qb4 49. Qf6+ Kh7 50.
Qf7+ Kh6 51. Qf4+ Kh7 52. e6 Rb7 53. Qe5 Kg8 54. Rf6 Rg7 55. Rf4 Qa3 56.
Kh2 g5 57. Rd4 Kh7 58. Rd7 1-0

[Event "ch-RUS HL"]
[Site "Ulan Ude RUS"]
[Date "2009.09.02"]
[Round "1"]
[White "Timofeev,Arty"]
[Black "Popov,Iv RUS"]
[Result "1/2-1/2"]
[WhiteElo "2668"]
[BlackElo "2582"]
[EventDate "2009.09.02"]

1. e4 e5 2. Nf3 Nc6 3. Bb5 f5 4. Nc3 fxe4 5. Nxe4 Nf6 6. Nxf6+ Qxf6 7. Qe2
Be7 8. Bxc6 bxc6 9. Qxe5 d6 10. Qxf6 Bxf6 11. d4 Rb8 12. b3 Bf5 13. c3 O-O
14. Be3 Be4 15. Rg1 c5 16. O-O-O cxd4 17. Nxd4 Rfe8 18. c4 a5 19. Nb5 a4
20. Bd4 Bg5+ 21. Kb2 axb3 22. axb3 c5 23. Bc3 Bc6 24. Rge1 Rxe1 25. Rxe1
Bxb5 26. cxb5 Rxb5 27. Kc2 Kf7 28. Rd1 Be7 29. f4 g6 30. g4 Rb8 31. Ra1 Ke6
32. Re1+ Kd7 33. Ra1 Rf8 34. Bd2 h5 35. h3 Bf6 36. Ra7+ Ke6 37. Kd3 hxg4
38. hxg4 Rh8 39. Rb7 Rh3+ 40. Kc2 Rg3 41. g5 Bd4 42. Rb8 Kd5 43. Rg8 Rg2
44. Kd3 Rg3+ 45. Kc2 Rg2 46. Kd3 Rg3+ 47. Kc2 Rg2 1/2-1/2

[Event "ch-RUS HL"]
[Site "Ulan Ude RUS"]
[Date "2009.09.02"]
[Round "1"]
[White "Lastin,A"]
[Black "Maslak,K"]
[Result "1-0"]
[WhiteElo "2648"]
[BlackElo "2551"]
[EventDate "2009.09.02"]

1. e4 c6 2. d4 d5 3. f3 g6 4. Nc3 Bg7 5. Be3 Qb6 6. Rb1 e5 7. Nge2 Ne7 8.
Qd2 exd4 9. Nxd4 Qd8 10. exd5 O-O 11. Bc4 Nxd5 12. Nxd5 cxd5 13. Bb3 Nc6
14. O-O Na5 15. Bf2 Re8 16. Rfe1 Rxe1+ 17. Rxe1 Nxb3 18. axb3 Bd7 19. c3 a5
20. Ne2 Bc6 21. Bd4 Bf8 22. Nc1 Bb5 23. Nd3 Bxd3 24. Qxd3 Qd7 25. Rd1 Qc6
26. g4 b5 27. Kg2 a4 28. b4 a3 29. bxa3 Rxa3 30. Qe2 Bg7 31. Bxg7 Kxg7 32.
Qe5+ Qf6 33. Rxd5 Rxc3 34. Qxf6+ Kxf6 35. g5+ Kg7 36. Rxb5 h6 37. h4 Rc4
38. Kg3 hxg5 39. hxg5 Kf8 40. Rb7 Ke8 41. b5 Rc5 42. Kf4 f6 43. gxf6 Rf5+
44. Ke4 Rxf6 45. Rc7 Rb6 46. Rc5 Ke7 47. Rd5 Ke6 48. Kd4 Rb8 49. Rg5 Kd7
50. f4 Rf8 51. Ke4 Re8+ 52. Kf3 Rb8 53. Kg4 Rb6 54. Rc5 Ke7 55. Re5+ Kd7
56. Kg5 Rd6 57. Re4 Rb6 58. Re5 Rd6 59. Rc5 Rb6 60. Kh6 Rf6 61. Rc4 Rb6 62.
Re4 Rd6 63. Kg7 Rb6 64. Kf7 Rd6 65. Re7+ Kd8 66. Re6 Rd4 67. Rf6 Rb4 68. b6
Kd7 69. Kxg6 Ke7 70. b7 1-0

[Event "ch-RUS HL"]
[Site "Ulan Ude RUS"]
[Date "2009.09.02"]
[Round "1"]
[White "Zabotin,A"]
[Black "Belov,Vl"]
[Result "1-0"]
[WhiteElo "2512"]
[BlackElo "2624"]
[EventDate "2009.09.02"]

1. Nf3 d5 2. d4 Nf6 3. c4 e6 4. Nc3 Bb4 5. e3 O-O 6. Bd3 c5 7. O-O Nc6 8.
a3 Bxc3 9. bxc3 Qc7 10. h3 Re8 11. Rb1 dxc4 12. Bxc4 e5 13. Ng5 Rf8 14. d5
Na5 15. Ba2 h6 16. Nf3 c4 17. d6 Qc5 18. Qa4 Bd7 19. Qb4 Rac8 20. e4 b6 21.
Be3 Qc6 22. Nxe5 Qxe4 23. Nxd7 Nxd7 24. Rbd1 Qc6 25. Rd4 Rfe8 26. Rfd1 Re6
27. a4 Rg6 28. Rg4 Rxg4 29. hxg4 Nf6 30. Qb5 Qxb5 31. axb5 Ne4 32. Rd4 Nxc3
33. Bxc4 Kf8 34. d7 Rd8 35. Bd2 Nxc4 36. Bxc3 Ne5 37. Bb4+ Kg8 38. Bd6 Nxd7
39. Be7 Rc8 40. Rxd7 Rc1+ 41. Kh2 Rb1 42. Rxa7 Rxb5 43. Ra8+ Kh7 44. Ra4
Re5 45. Bd6 Rd5 46. Bc7 b5 47. Re4 Rd7 48. Bb6 Rd6 49. Ba5 Rd5 50. Rf4 Kg6
51. Kg3 Rd3+ 52. Rf3 Rd1 53. Rb3 Rd5 54. Bb6 h5 55. gxh5+ Kxh5 56. Kf4 f6
57. Rh3+ Kg6 58. Rg3+ Kf7 59. Ke4 Re5+ 60. Kd4 Re2 61. Kc3 Re4 62. Bd4 Rh4
63. Rd3 Ke6 64. Be3 Rg4 65. g3 Rc4+ 66. Kb3 Rc7 67. Kb4 Kf5 68. Kxb5 g5 69.
Rd6 Ke5 70. Rc6 Rf7 71. Kc4 Ke4 72. Re6+ Kf3 73. Kd5 Kg4 74. Rd6 Rf8 75.
Ke6 f5 76. Ke7 Rg8 77. Kf7 1-0

[Event "ch-RUS HL"]
[Site "Ulan Ude RUS"]
[Date "2009.09.02"]
[Round "1"]
[White "Volkov,Sergey1"]
[Black "Shimanov,A"]
[Result "1/2-1/2"]
[WhiteElo "2616"]
[BlackElo "2508"]
[EventDate "2009.09.02"]

1. d4 d5 2. c4 c6 3. Nc3 Nf6 4. e3 g6 5. Nf3 Bg7 6. Bd3 O-O 7. O-O Bg4 8.
h3 Bxf3 9. Qxf3 e6 10. Rd1 Nbd7 11. b3 Re8 12. Bb2 Qe7 13. Bf1 a6 14. Rac1
Rac8 15. Rc2 e5 16. cxd5 e4 17. Qe2 Nxd5 18. Nxd5 cxd5 19. Rdc1 Nb6 20. Bc3
Bf8 21. a4 Qe6 22. a5 Na8 23. Qd2 Bd6 24. Bb4 Bb8 25. Bc5 h5 26. b4 Nc7 27.
Bb6 Na8 28. Bc5 Nc7 29. h4 Nb5 30. g3 Kg7 31. Kh2 Rh8 32. Bh3 f5 33. Kg2
Rcg8 34. Rh1 g5 35. hxg5 Kf7 36. Kf1 Rxg5 37. Bg2 h4 38. gxh4 Rg7 39. f4
Rgh7 40. Qf2 Qf6 41. Ke1 Rxh4 42. Rxh4 Rxh4 43. Bf1 Qh6 44. Qg3 Rg4 45. Qh2
Rh4 46. Qg3 Rg4 47. Qh2 Rh4 1/2-1/2

[Event "ch-RUS HL"]
[Site "Ulan Ude RUS"]
[Date "2009.09.02"]
[Round "1"]
[White "Bryzgalin,K"]
[Black "Khismatullin,D"]
[Result "0-1"]
[WhiteElo "2480"]
[BlackElo "2614"]
[EventDate "2009.09.02"]

1. d4 Nf6 2. c4 g6 3. Nc3 d5 4. Bg5 Ne4 5. Bf4 Nxc3 6. bxc3 dxc4 7. e3 Be6
8. Nf3 Bg7 9. Ng5 Bd5 10. e4 h6 11. exd5 hxg5 12. Qa4+ Qd7 13. Qxd7+ Nxd7
14. Bxg5 Nb6 15. Kd2 Rd8 16. Kc2 Rxd5 17. Be3 Kd7 18. Be2 c6 19. h4 Bf6 20.
g3 e6 21. Bd2 Be7 22. f4 Ra5 23. a4 Kc7 24. Rh2 Rxa4 25. Rxa4 Nxa4 26. Bxc4
c5 27. Bb3 Nb6 28. dxc5 Nd7 29. Bc4 Nxc5 30. Be1 Ne4 31. g4 Nf6 32. Rg2 Nd5
33. Bxd5 exd5 34. Rh2 Bd6 35. Rh3 Kd7 36. Rd3 Kc6 37. Rh3 f5 38. gxf5 gxf5
39. Rh1 a5 40. Rg1 Re8 41. Kd3 Bc5 42. Rh1 Rh8 43. h5 Rh6 44. Bd2 a4 45.
Be3 Bxe3 46. Kxe3 Kc5 47. Kd3 b5 48. Rh3 a3 49. Rh2 Ra6 50. h6 a2 51. h7
a1=Q 52. h8=Q Qf1+ 53. Ke3 Qe1+ 54. Kf3 Qe4+ 0-1

[Event "ch-RUS HL"]
[Site "Ulan Ude RUS"]
[Date "2009.09.02"]
[Round "1"]
[White "Pushkarev,D"]
[Black "Galkin,A"]
[Result "0-1"]
[WhiteElo "2429"]
[BlackElo "2608"]
[EventDate "2009.09.02"]

1. e4 c6 2. d4 d5 3. e5 Bf5 4. Nf3 e6 5. Be2 Be7 6. O-O Nh6 7. b3 O-O 8. c4
Bg6 9. Nc3 Nd7 10. Bxh6 gxh6 11. Qd2 Kg7 12. Rfe1 a6 13. Bf1 Qa5 14. a3
Rae8 15. b4 Qc7 16. Rac1 Qb8 17. Re3 dxc4 18. Bxc4 Nb6 19. Bb3 Rd8 20. Ne4
Nd5 21. Bxd5 Rxd5 22. Nf6 Bxf6 23. exf6+ Kxf6 24. Ne5 Kg7 25. Rce1 Rfd8 26.
Rh3 h5 27. Qc3 Kg8 28. Rh4 Qd6 29. Qe3 a5 30. g4 Rxd4 31. Qg5 Rd1 32. Rxd1
Qxd1+ 33. Kg2 hxg4 34. Rxg4 Rd5 35. Rf4 Qe2 0-1

[Event "ch-RUS HL"]
[Site "Ulan Ude RUS"]
[Date "2009.09.02"]
[Round "1"]
[White "Bocharov,D"]
[Black "Belous,V"]
[Result "1-0"]
[WhiteElo "2607"]
[BlackElo "2426"]
[EventDate "2009.09.02"]

1. d4 d5 2. c4 c6 3. Nf3 Nf6 4. e3 a6 5. Bd2 Bf5 6. Qb3 Ra7 7. cxd5 cxd5 8.
Bb4 Ne4 9. Nc3 e6 10. Bxf8 Kxf8 11. Bd3 Qa5 12. O-O Nd2 13. Nxd2 Bxd3 14.
Rfd1 Nc6 15. Nxd5 Be2 16. Re1 Qxd2 17. Nc3 Bd3 18. Rad1 1-0

[Event "ch-RUS HL"]
[Site "Ulan Ude RUS"]
[Date "2009.09.02"]
[Round "1"]
[White "Yuzhakov,O"]
[Black "Khairullin,I"]
[Result "0-1"]
[WhiteElo "2360"]
[BlackElo "2604"]
[EventDate "2009.09.02"]

1. e4 g6 2. d4 Bg7 3. Nf3 d6 4. h3 Nf6 5. Nc3 O-O 6. Be3 a6 7. Qd2 b5 8. e5
b4 9. exf6 bxc3 10. Qxc3 Bxf6 11. Bc4 Nd7 12. h4 e6 13. Qd2 c5 14. h5 d5
15. Be2 cxd4 16. Bh6 e5 17. Bxf8 Nxf8 18. hxg6 hxg6 19. g3 Rb8 20. Rb1 Ne6
21. Kf1 e4 22. Nh4 Nc5 23. Ng2 e3 24. fxe3 Ne4 25. Qe1 Be5 26. Nf4 dxe3 27.
Kg2 d4 28. Rh4 Nd2 29. Rd1 Rxb2 30. Rxd2 exd2 31. Qxd2 Bf6 32. Rh6 Bf5 33.
Bd3 Bxd3 34. Qxd3 Qc8 35. Kf3 Qc6+ 36. Kg4 Qc8+ 37. Kf3 Qc6+ 38. Kg4 Qxc2
39. Qxa6 Qd1+ 40. Kh3 Qh1+ 41. Kg4 Qxh6 42. Qxf6 Rxa2 43. Qd8+ Qf8 44. Qxd4
Qc8+ 45. Kf3 Qc6+ 46. Kg4 Ra4 47. Qe5 Qe4 48. Qc5 Kg7 49. Qc3+ f6 50. Qc7+
Kh6 0-1

[Event "ch-RUS HL"]
[Site "Ulan Ude RUS"]
[Date "2009.09.03"]
[Round "2"]
[White "Potkin,V"]
[Black "Amonatov,F"]
[Result "1-0"]
[WhiteElo "2606"]
[BlackElo "2643"]
[EventDate "2009.09.02"]

1. d4 d5 2. c4 c6 3. Nf3 Nf6 4. e3 a6 5. Bd2 g6 6. Nc3 Bg7 7. Be2 O-O 8.
O-O b5 9. cxd5 cxd5 10. b4 Ne4 11. a4 Nxc3 12. Bxc3 bxa4 13. Rxa4 Bb7 14.
Qa1 Nd7 15. Nd2 e6 16. Nb3 Nb6 17. Ra5 Nc4 18. Bxc4 dxc4 19. Nc5 Qb6 20.
Nxb7 Qxb7 21. Qa2 Rfc8 22. Ra1 Rab8 23. Rxa6 Bf8 24. Rb1 Qe4 25. b5 Qd3 26.
Qb2 Rb7 27. Rc1 Be7 28. b6 Rcb8 29. Qb5 h5 30. h3 Bd8 31. d5 Bxb6 32. dxe6
Qf5 33. Qxf5 gxf5 34. exf7+ Kxf7 35. g3 h4 36. gxh4 f4 37. exf4 Rd7 38. Kf1
Bd4 39. Rc6 Bxc3 40. Rxc3 Rh8 41. R3xc4 Rxh4 42. Kg2 Rd8 43. Ra4 1-0

[Event "ch-RUS HL"]
[Site "Ulan Ude RUS"]
[Date "2009.09.03"]
[Round "2"]
[White "Burmakin,V"]
[Black "Kokarev,Dm"]
[Result "0-1"]
[WhiteElo "2599"]
[BlackElo "2630"]
[EventDate "2009.09.02"]

1. d4 Nf6 2. Nf3 g6 3. g3 Bg7 4. Bg2 O-O 5. O-O d5 6. c4 dxc4 7. Na3 c3 8.
bxc3 c5 9. e3 Nc6 10. Qe2 Bf5 11. Rd1 Qb6 12. Nc4 Qa6 13. Bf1 Qa4 14. Bb2
Rfd8 15. Ncd2 cxd4 16. cxd4 Bc2 17. Rdc1 Rac8 18. Nc4 Bf5 19. Ncd2 Qb4 20.
Nb3 Ne4 21. Ne1 Na5 22. Nd3 Qb5 23. Ndc5 Qxe2 24. Bxe2 Nxb3 25. Nxb3 Be6
26. f3 Nd6 27. Nc5 Bd5 28. Kf2 b6 29. Nd3 a5 30. Nf4 Rxc1 31. Bxc1 Bc4 32.
Rb1 Bxa2 33. Rxb6 e5 34. dxe5 Bxe5 35. Bb2 Bxb2 36. Rxb2 Bc4 37. Rd2 Ne4+
0-1

[Event "ch-RUS HL"]
[Site "Ulan Ude RUS"]
[Date "2009.09.03"]
[Round "2"]
[White "Popov,Val"]
[Black "Timofeev,Arty"]
[Result "0-1"]
[WhiteElo "2595"]
[BlackElo "2668"]
[EventDate "2009.09.02"]

1. Nf3 c5 2. c4 Nf6 3. d4 cxd4 4. Nxd4 e6 5. Nc3 Nc6 6. a3 Be7 7. e3 O-O 8.
Be2 d5 9. cxd5 Nxd4 10. Qxd4 Nxd5 11. Nxd5 exd5 12. O-O Bf6 13. Qb4 Qb6 14.
Qxb6 axb6 15. Bd3 Be6 16. Rb1 Rac8 17. Bd2 Rfd8 18. Rfc1 Rxc1+ 19. Bxc1 g6
20. Bd2 Rc8 21. Kf1 h5 22. Ke2 Bg4+ 23. f3 Bd7 24. g3 Kg7 25. Bb4 g5 26.
Kd2 g4 27. f4 h4 28. Rc1 Rh8 29. Rc7 hxg3 30. hxg3 Bc6 31. Bf5 Rh2+ 32. Ke1
Rg2 33. Be6 Rxg3 34. Rxf7+ Kg6 35. f5+ Kg5 36. Bd2 Rg2 37. e4+ Rxd2 38.
Kxd2 dxe4 39. Rf8 Bxb2 40. Rg8+ Kf4 41. f6 Bxf6 42. Rxg4+ Kf3 43. Rg6 e3+
44. Kc1 Be7 45. Kb2 Kf2 46. Bc4 Bf3 47. Rxb6 Bc5 48. Rh6 e2 49. Bxe2 Bxe2
50. Rh3 Ba6 51. Kb3 Ke2 52. Rc3 Bd4 53. Rc7 Kd3 54. Rd7 Ke4 55. Kb4 Ke5 56.
Rh7 Kd6 57. Rh6+ Kc7 58. Rh7+ Kb6 59. Rh6+ Ka7 60. Rd6 Bb6 61. Rd7 Be2 62.
Rf7 Ka6 63. Rf6 Bb5 64. Rf8 Ba5+ 65. Kb3 Bc6 66. Rf5 Bd8 67. Kb4 Be7+ 68.
Kb3 b6 69. Re5 Bc5 70. Rg5 Bf3 71. Rg3 Bd5+ 72. Kb2 Kb5 73. Rg4 Bd6 74. Rh4
Be5+ 75. Kc2 Kc5 76. Rh5 Bd4 77. Rh4 Kc4 78. Rg4 Bf7 79. Rg5 Be6 80. Rh5
Bg4 81. Rh4 Bf5+ 82. Kd2 Kd5 83. Rh5 Ke5 84. Kc1 Kf4 85. Rh4+ Ke3 86. Rh5
Bd7 87. Rh7 Bc8 88. Rc7 Bf5 89. Rf7 Bg6 90. Rf8 Bc5 91. Ra8 Be4 92. Ra7 Bd4
93. Rc7 Kd3 94. Rc8 Bd5 95. Kb1 Bc4 96. a4 Kc3 97. a5 bxa5 98. Rd8 Bg7 99.
Ra8 Kb4 100. Rb8+ Ka3 101. Kc2 Ka2 102. Rb7 Ba1 103. Rh7 Bb3+ 104. Kd3 a4
105. Rh2+ Bb2 106. Rh1 a3 107. Kd2 Bd5 108. Rh5 Bf7 109. Rh7 Bg8 110. Rh3
Bf7 111. Rg3 Be5 112. Rf3 Bg6 113. Kc1 Be4 114. Rh3 Bf4+ 0-1

[Event "ch-RUS HL"]
[Site "Ulan Ude RUS"]
[Date "2009.09.03"]
[Round "2"]
[White "Matlakov,M"]
[Black "Landa,K"]
[Result "1-0"]
[WhiteElo "2574"]
[BlackElo "2655"]
[EventDate "2009.09.02"]

1. d4 Nf6 2. c4 e6 3. Nf3 d5 4. Nc3 dxc4 5. e4 Bb4 6. Bg5 c5 7. dxc5 Qxd1+
8. Rxd1 Nbd7 9. Bd2 Bxc3 10. Bxc3 Nxe4 11. Bxg7 Rg8 12. Bd4 Ndxc5 13. Ne5
b6 14. f3 Nf6 15. Bxc4 Rxg2 16. Bb5+ Ncd7 17. Nc4 Ke7 18. Bf2 Nh5 19. Ne3
Rg8 20. Bh4+ f6 21. Kf2 Ne5 22. Rhe1 a6 23. Nf5+ Kf7 24. Nh6+ Kg7 25. Nxg8
axb5 26. Nxf6 Nxf6 27. Rxe5 Nd5 28. Rg1+ Kf8 29. Reg5 1-0

[Event "ch-RUS HL"]
[Site "Ulan Ude RUS"]
[Date "2009.09.03"]
[Round "2"]
[White "Tregubov,P"]
[Black "Yemelin,V"]
[Result "1/2-1/2"]
[WhiteElo "2649"]
[BlackElo "2570"]
[EventDate "2009.09.02"]

1. d4 e6 2. c4 d5 3. Nc3 c5 4. e3 Nf6 5. Nf3 cxd4 6. exd4 Bb4 7. cxd5 Nxd5
8. Bd2 O-O 9. Bd3 Nc6 10. O-O Be7 11. Rc1 Ndb4 12. Bb1 Nxd4 13. Nxd4 Qxd4
14. Nb5 Qd8 15. Nc7 Rb8 16. Qe2 Nc6 17. Bf4 e5 18. Bxe5 Nxe5 19. Qxe5 Bd6
20. Qe4 g6 21. Nb5 Re8 22. Qf3 Be5 23. Nxa7 Be6 24. Nb5 Bxb2 25. Rcd1 Qb6
26. a4 Red8 27. Qe2 Bf6 28. Ba2 Bxa2 29. Qxa2 Ra8 30. Qb3 1/2-1/2

[Event "ch-RUS HL"]
[Site "Ulan Ude RUS"]
[Date "2009.09.03"]
[Round "2"]
[White "Savchenko,B"]
[Black "Frolyanov,D"]
[Result "1-0"]
[WhiteElo "2638"]
[BlackElo "2557"]
[EventDate "2009.09.02"]

1. e4 e5 2. Nf3 Nf6 3. Nxe5 d6 4. Nc4 Nxe4 5. d4 d5 6. Ne3 Qf6 7. Qe2 Be6
8. c3 Nd7 9. g3 c6 10. Bg2 Qg6 11. Nd2 f5 12. Nf3 O-O-O 13. Bh3 Be7 14. Ng2
Qf7 15. Nf4 g5 16. Nd3 Bf6 17. Nfe5 Qg7 18. f3 Nd6 19. b3 h5 20. Ba3 Nf7
21. Nxc6 bxc6 22. Nb4 Kc7 23. O-O-O Rhe8 24. Qa6 Nb8 25. Qxa7+ Kc8 26. Na6
Nxa6 27. Qxa6+ Kc7 28. Qa7+ Kc8 29. Bf1 Rd6 30. Bc5 Bd7 31. Bb6 1-0

[Event "ch-RUS HL"]
[Site "Ulan Ude RUS"]
[Date "2009.09.03"]
[Round "2"]
[White "Shimanov,A"]
[Black "Vorobiov,E"]
[Result "1-0"]
[WhiteElo "2508"]
[BlackElo "2606"]
[EventDate "2009.09.02"]

1. d4 Nf6 2. Nf3 e6 3. c4 c5 4. Nc3 cxd4 5. Nxd4 Nc6 6. a3 d5 7. cxd5 exd5
8. Bg5 Bc5 9. Nxc6 bxc6 10. e3 Rb8 11. Qc2 O-O 12. Be2 Be6 13. O-O Be7 14.
Rfd1 c5 15. Bf4 Bd6 16. Bxd6 Qxd6 17. Qd2 Rfd8 18. Nb5 Qc6 19. Qa5 a6 20.
Nc3 Rdc8 21. Rac1 c4 22. Rd2 Qb6 23. Qa4 Qc6 24. Qa5 Qb6 25. Qa4 Qc6 26.
Qd1 Rb3 27. Bf3 h6 28. h3 Qb6 29. Qe2 Qa5 30. Rcd1 Rxb2 31. Rxb2 Qxc3 32.
Ra2 Rb8 33. Qd2 Qb3 34. Raa1 Qa4 35. Rdc1 Qb5 36. Qc2 Qc5 37. Rab1 Rd8 38.
Qc3 Bf5 39. Rb7 Be4 40. Qb4 Qc8 41. Be2 Qf5 42. Rb8 Rxb8 43. Qxb8+ Kh7 44.
f3 Bc2 45. Qb2 Bb3 46. Bd1 Bxd1 47. Rxd1 Qe6 48. Qc3 Qb6 49. Kf2 h5 50. Rd2
Kh6 51. Rb2 Qd6 52. Rb7 Qe6 53. Qd4 Kg6 54. Rb6 Qf5 55. e4 dxe4 56. Qxe4
Kg5 57. Ke3 1-0

[Event "ch-RUS HL"]
[Site "Ulan Ude RUS"]
[Date "2009.09.03"]
[Round "2"]
[White "Kurnosov,I"]
[Black "Anisimov,P2"]
[Result "1/2-1/2"]
[WhiteElo "2669"]
[BlackElo "2518"]
[EventDate "2009.09.02"]

1. e4 e6 2. d4 d5 3. Nc3 dxe4 4. Nxe4 Nd7 5. Nf3 Ngf6 6. Nxf6+ Nxf6 7. c3
Be7 8. Bd3 O-O 9. Bg5 b6 10. Qc2 h6 11. h4 Bb7 12. O-O-O c5 13. Rh3 Qc7 14.
Bxh6 gxh6 15. Rg3+ Kh8 16. Qd2 Ng8 17. Rxg8+ Kxg8 18. Qxh6 f5 19. Qg6+ Kh8
20. Qh6+ Kg8 21. Bc4 Bd5 22. Qg6+ Kh8 23. Qh6+ Kg8 24. Qg6+ Kh8 25. Qh6+
1/2-1/2

[Event "ch-RUS HL"]
[Site "Ulan Ude RUS"]
[Date "2009.09.03"]
[Round "2"]
[White "Gabrielian,A"]
[Black "Rakhmanov,Ale"]
[Result "1/2-1/2"]
[WhiteElo "2513"]
[BlackElo "2588"]
[EventDate "2009.09.02"]

1. e4 c5 2. Nf3 Nf6 3. e5 Nd5 4. Nc3 Nxc3 5. dxc3 Nc6 6. Bc4 e6 7. Bf4 Qb6
8. b3 Qc7 9. Qd2 h6 10. h4 b6 11. O-O-O a6 12. Rhe1 b5 13. Bd5 Bb7 14. Be4
c4 15. Kb1 Ne7 16. Qd6 Qc8 17. Qd4 Nd5 18. Bxd5 Bxd5 19. Be3 a5 20. Nd2
cxb3 21. cxb3 Bxg2 22. c4 Qb7 23. cxb5 Qxb5 24. Nc4 Bc6 25. Nd6+ Bxd6 26.
Qxd6 Qb8 27. Qc5 Qb5 28. Qd6 Ra6 29. Qc5 Qxc5 30. Bxc5 f6 31. f4 Kf7 32.
Rg1 Rc8 33. Kb2 Bd5 34. Bd6 a4 35. Rd3 axb3 36. axb3 Be4 37. Rd2 Rca8 38.
Kc3 Bd5 39. Rd3 Ra1 40. Rxa1 Rxa1 41. b4 g5 42. hxg5 fxg5 43. fxg5 hxg5 44.
Kb2 Ra2+ 45. Kc3 Bc6 46. b5 Bxb5 47. Rg3 Kg6 48. Be7 Kf5 49. Rxg5+ Kf4 50.
Bf6 Bc6 51. Rh5 Ra3+ 52. Kd4 Ra4+ 53. Kc5 Ra5+ 54. Kd6 Rd5+ 55. Ke7 Bb5 56.
Rh4+ Ke3 57. Rh3+ Kd4 58. Rh4+ Kc5 59. Rh1 Rd4 60. Rc1+ Kd5 1/2-1/2

[Event "ch-RUS HL"]
[Site "Ulan Ude RUS"]
[Date "2009.09.03"]
[Round "2"]
[White "Romanov,E"]
[Black "Pushkarev,D"]
[Result "1-0"]
[WhiteElo "2588"]
[BlackElo "2429"]
[EventDate "2009.09.02"]

1. e4 c5 2. Nf3 d6 3. d4 cxd4 4. Nxd4 Nf6 5. Nc3 a6 6. h3 g6 7. g4 Bg7 8.
Be3 O-O 9. Bg2 Nc6 10. O-O Nxd4 11. Bxd4 Bd7 12. e5 dxe5 13. Bxe5 Bc6 14.
Bxc6 bxc6 15. Qf3 Qb6 16. b3 Qc5 17. Rfe1 Rad8 18. Re2 Nd7 19. Bxg7 Kxg7
20. Na4 Qd6 21. Qc3+ Kg8 22. Rd2 Qc7 23. Rad1 Nb8 24. Nc5 Rxd2 25. Qxd2 h5
26. Qd4 hxg4 27. hxg4 Re8 28. Kg2 e5 29. Qe3 Kg7 30. g5 Qe7 31. Ne4 Qe6 32.
Qh3 Qxh3+ 33. Kxh3 Kf8 34. Nf6 Rc8 35. Re1 Rd8 36. Rxe5 Nd7 37. Nxd7+ Rxd7
38. Kg3 Kg7 39. Ra5 Ra7 40. c4 f6 41. gxf6+ Kxf6 42. b4 Kf7 43. Rc5 Rb7 44.
a3 Rc7 45. Kf4 Ke7 46. Kg5 Kf7 47. b5 1-0

[Event "ch-RUS HL"]
[Site "Ulan Ude RUS"]
[Date "2009.09.03"]
[Round "2"]
[White "Badmatsyrenov,O"]
[Black "Maletin,P"]
[Result "1/2-1/2"]
[WhiteElo "2437"]
[BlackElo "2576"]
[EventDate "2009.09.02"]

1. e4 c5 2. Nf3 Nc6 3. d4 cxd4 4. Nxd4 Nf6 5. Nc3 e5 6. Ndb5 d6 7. Bg5 a6
8. Na3 b5 9. Nd5 Be7 10. Bxf6 Bxf6 11. c4 b4 12. Nc2 a5 13. g3 O-O 14. Bg2
Bg5 15. O-O Ne7 16. h4 Bh6 17. Nce3 Bxe3 18. Nxe3 Be6 19. Qd3 Qd7 20. Rfd1
Rfd8 21. Rd2 Qc8 22. Rad1 Qc5 23. Kh2 Nc6 24. Bh3 Ra7 25. b3 a4 26. Nc2
axb3 27. axb3 Ra2 28. Ne3 Rxd2 29. Rxd2 Nd4 30. Nc2 Nc6 31. Bxe6 fxe6 32.
Kg2 Na5 33. Ne1 Nb7 34. Qf3 Qa7 35. Qg4 Re8 36. h5 Re7 37. Nf3 Qa6 38. h6
Qc6 39. hxg7 Nc5 40. Qh4 Qc7 41. Nh2 Rxg7 42. Ng4 Kh8 43. Ra2 Rg8 44. Qf6+
Qg7 45. Ra7 Nxe4 46. Rxg7 Nxf6 47. Rxg8+ Nxg8 48. c5 dxc5 49. Nxe5 Nf6 50.
Kf3 Kg7 51. Ke3 Kf8 52. Kd3 Ke7 53. Kc4 Kd6 54. Nf7+ Ke7 55. Ne5 Ne4 56. f3
Nxg3 57. Kxc5 h5 58. Kxb4 Kd6 59. Nd3 h4 60. Nf2 Ne2 61. Kc4 Ke5 62. b4 Ng1
63. f4+ Kd6 64. Kd4 h3 65. Ke3 h2 66. Nh1 Kd5 67. Kf2 Kc4 68. Kg2 Ne2 69.
f5 exf5 70. Kxh2 Kxb4 71. Ng3 Nxg3 72. Kxg3 Kc4 73. Kf4 Kd4 74. Kxf5
1/2-1/2

[Event "ch-RUS HL"]
[Site "Ulan Ude RUS"]
[Date "2009.09.03"]
[Round "2"]
[White "Maslak,K"]
[Black "Sek,K"]
[Result "1-0"]
[WhiteElo "2551"]
[BlackElo "2420"]
[EventDate "2009.09.02"]

1. e4 e5 2. Bc4 Nf6 3. d3 Nc6 4. Nf3 Be7 5. O-O O-O 6. Re1 d6 7. c3 d5 8.
exd5 Nxd5 9. Nxe5 Nxe5 10. Rxe5 c6 11. d4 Bd6 12. Re1 Qf6 13. Nd2 Bf5 14.
Nf1 Qg6 15. Ng3 Be6 16. Bd3 f5 17. Qf3 Qf7 18. Bd2 Qd7 19. h3 g6 20. b3 Nf6
21. c4 Bxg3 22. Qxg3 Qxd4 23. Bh6 Nh5 24. Qf3 Rfe8 25. Rad1 Qf6 26. Bd2 Bf7
27. Bf1 Rxe1 28. Rxe1 Qd6 29. Bc3 Rd8 30. Bb2 Be6 31. Qe3 Kf7 32. c5 Qd7
33. Qh6 Kg8 34. Be2 Qd2 35. Qxd2 Rxd2 36. Bc3 Rc2 37. Bxh5 Rxc3 38. Rxe6
Kf7 39. Rd6 gxh5 40. b4 a5 41. Rd7+ Kg6 42. Rxb7 axb4 43. Rxb4 Rxc5 44. g3
Rc2 45. a4 c5 46. Rb6+ Kg7 47. Rc6 h4 48. Kg2 hxg3 49. Kxg3 Ra2 50. Rxc5
Rxa4 51. Rxf5 Kg6 52. Rf4 Ra1 53. Rg4+ Kf5 54. Rb4 Rd1 55. Rb7 Kg6 56. Rb6+
Kh5 57. Kf4 Rh1 58. Rb3 Kg6 59. Ra3 Rb1 60. Ra6+ Kg7 61. Kg4 Rg1+ 62. Kf5
Rb1 63. Ra7+ Kg8 64. f4 Rb5+ 65. Kf6 Rb6+ 66. Kg5 Rg6+ 67. Kf5 Rb6 68. Rd7
Rb5+ 69. Ke6 Rb6+ 70. Rd6 Rb7 71. h4 Kg7 72. f5 Rf7 73. Rd4 h5 74. Rd3 Rf8
75. Rg3+ Kh6 76. Rg6+ Kh7 77. Rg5 Kh6 78. Ke7 Ra8 79. Rg6+ Kh7 80. Kf6 Ra6+
81. Kg5 Ra5 82. Rb6 Ra2 83. Rb7+ Kg8 84. Kxh5 Rg2 85. Rb4 Kf7 86. Rg4 Rf2
87. Kg5 Ra2 88. h5 Kg7 89. Rg1 Kh7 90. Rd1 Rg2+ 91. Kf6 Kh6 92. Rd8 Kh7 93.
Kf7 Rg5 94. f6 Re5 95. Kf8 Rxh5 96. f7 Ra5 97. Ke7 1-0